Derby nel calcio Italiano - Statistics

Statistiche generali
  • Questo quiz è stato fatto 2.881 volte
    2.844 dall'ultimo reset
  • Il punteggio medio è 23 su 32
Statistiche sulle risposte
DERBY SQUADRE % Corretto
Derby di Milano Inter
100%
Milan
100%
Derby di Torino Juventus
99%
Derby di Roma Lazio
99%
Roma
99%
Torino
98%
Derby d'Italia Inter
96%
Juventus
95%
Palermo
92%
Derby di Puglia Bari
91%
Derby delle Isole Cagliari
91%
Derby di Sicilia Catania
91%
Palermo
87%
Lecce
85%
Derby del sole/sud Napoli
85%
Derby dell'Emilia Bologna
79%
Inter
78%
Derby neroazzurro Atalanta
77%
Derby di Verona Chievo
77%
Hellas
77%
Derby Lombardo Atalanta
66%
Fiorentina
61%
Roma
60%
Parma
58%
Brescia
54%
Derby dell'Arno Empoli
50%
Derby del Nord Juventus
44%
Milan
43%
Derby dell'Appennino Bologna
39%
Fiorentina
34%
Derby del tirreno Livorno
17%
Pisa
16%
Nessun quiz corrispondente trovato
Distribuzione punteggi
Percentuale di utenti per punteggio
Percentile per numero di risposta
I tuoi punteggi nel tempo
Non hai fatto questo quiz dall'ultimo reset